La categoría de sujeto social: prisma para analizar la organización campesina /
Պահպանված է:
| Հիմնական հեղինակ: | |
|---|---|
| Ձևաչափ: | Տեքստ |
| Ցուցիչներ: |
Ավելացրեք ցուցիչ
Չկան պիտակներ, Եղեք առաջինը, ով նշում է այս գրառումը!
|
MARC
| LEADER | 00000 a a2200000 04500 | ||
|---|---|---|---|
| 001 | 48265 | ||
| 003 | |||
| 040 | |||
| 100 | |a Armijo Canto, Natalia | ||
| 245 | |a La categoría de sujeto social: |b prisma para analizar la organización campesina / |c Natalia Armijo Canto | ||
| 773 | |g páginas 263-287 | ||
| 999 | |c 38351 |d 38351 | ||
